[Event "GER-ch U25-B"]
[Site "Willingen"]
[Date "2019.06.13"]
[Round "7"]
[White "Richter, Tim"]
[Black "Rohde, Ragnar"]
[Result "1-0"]
[WhiteElo "1473"]
[BlackElo "1501"]
[PlyCount "49"]
[EventDate "2019.06.08"]
[EventType "swiss"]
[EventRounds "9"]
[EventCountry "GER"]
[SourceTitle "CBM 191 Extra"]
[Source "ChessBase"]
[SourceDate "2019.09.30"]
[SourceVersion "1"]
[SourceVersionDate "2019.09.30"]
[SourceQuality "1"]

1. d4 Nf6 2. c4 g6 3. Nf3 Bg7 4. Nc3 0-0 5. e4 d6 6. Be2 c6 7. 0-0 Qc7 8. Be3 e5 9. d5 Nbd7 10. h3 cxd5 11. cxd5 Nc5 12. Rc1 b6 13. b4 Ncd7 14. Nb5 Qd8 15. Nxd6 Qe7 16. Nxc8 Raxc8 17. Rxc8 Rxc8 18. Nd2 Qxb4 19. Qb3 Bf8 20. Rb1 Qxb3 21. axb3 Bb4 22. Bf3 Bxd2 23. Bxd2 Nc5 24. Rc1 Kf8 25. b4 1-0